1101 1148 1153 1399 1645 1573 1386 1873 1128 1853 1418 1757 1815 1757 1400 1353 1157 1467 1761 1260 1820 1620 1744 1115 1259 1396 1800 1264 1929 1231 1900 1830 1086 1368 1162 1253 1463 1189 1365 1078 1273 1302 1628 1687 1588 1885 1503 1545 1010 1435 1542 1155 1561 1211 1650 1551 1765 1996 1419 1950 1602 1495 1548 1693 1953 1733 1817 1500 1232 1304 1000 1805 1708 1157 1484 1134 1940 1189 1670 1046 1009 1117 1667 1203 1328 1782 1362 1092 1388 1196 1355 1958 1961 1783 1028 1253 1609 1864 1989 BCNSPRNW ULIB Ver.6.0+V

เปลี่ยนเป็นภาษาไทย

Change to English
 แสดงรายละเอียดบรรณานุกรม
  กลับหน้าหลัก

Brief Record : Get Marc (ISO 2709) : E-mail record : QR code < ปิดหน้าต่าง
LEADER : 00000nam 2200000uu 4500
001    13399126666
003     ULIB
008    190205s2561||||th 000 0 tha d
020    ^a9786167919232
060    ^aWB176^bอ153ก
100    ^aอนงค์ ภิบาล
245    ^aการจัดการความปวดท่ามกลางความหลากหลายวัฒนธรรมสองภาษา/^cอนงค์ ภิบาล
250    ^aพิมพ์ครั้งที่ 1
260    ^aสงขลา :^bโรงพิมพ์สมศักดิ์การพิมพ์,^c2561
300    ^a266 หน้า;^b19 ซม.
650    ^aความปวด^xการจัดการ
650    ^apain
945    ^p0^l0^i26949
945    ^p0^l0^i26941
945    ^p0^l0^i26942
945    ^p0^l0^i26940
945    ^p0^l0^i26947
945    ^p0^l0^i26946
945    ^p0^l0^i26945
945    ^p0^l0^i26944
945    ^p0^l0^i26948
945    ^p0^l0^i26943
999    ^aกัณชพร จุลอักษร
รายการนี้ยังไม่มีแท็ก
คุณยังไม่ได้ล็อกอิน คุณสามารถมีกิจกรรมร่วมกับเว็บไซต์ได้ แต่ต้องล็อกอินก่อน ::
  ล็อกอิน

รายการสื่อสารสนเทศ

ลำดับที่ ประเภท เลขเรียก/บาร์โค้ด สถานที่ สถานะ
1. หนังสือสำรอง
หนังสือสำรอง
WB176 อ153ก ฉ.1 
  Barcode: 26940
ห้องสมุดวิทยาเขตนครสวรรค์
►หนังสือทั่วไป:l:General Books
บนชั้น
2. วิทยาศาสตร์การแพทย์ และสุขภาพ
วิทยาศาสตร์การแพทย์ และสุขภาพ
WB176 อ153ก ฉ.10 
  Barcode: 26949
ห้องสมุดวิทยาเขตนครสวรรค์
►หนังสือทั่วไป:l:General Books
บนชั้น
3. วิทยาศาสตร์การแพทย์ และสุขภาพ
วิทยาศาสตร์การแพทย์ และสุขภาพ
WB176 อ153ก ฉ.2 
  Barcode: 26941
ห้องสมุดวิทยาเขตนครสวรรค์
►หนังสือทั่วไป:l:General Books
บนชั้น
4. วิทยาศาสตร์การแพทย์ และสุขภาพ
วิทยาศาสตร์การแพทย์ และสุขภาพ
WB176 อ153ก ฉ.3 
  Barcode: 26942
ห้องสมุดวิทยาเขตนครสวรรค์
►หนังสือทั่วไป:l:General Books
บนชั้น
5. วิทยาศาสตร์การแพทย์ และสุขภาพ
วิทยาศาสตร์การแพทย์ และสุขภาพ
WB176 อ153ก ฉ.4 
  Barcode: 26943
ห้องสมุดวิทยาเขตนครสวรรค์
►หนังสือทั่วไป:l:General Books
บนชั้น
6. วิทยาศาสตร์การแพทย์ และสุขภาพ
วิทยาศาสตร์การแพทย์ และสุขภาพ
WB176 อ153ก ฉ.5 
  Barcode: 26944
ห้องสมุดวิทยาเขตนครสวรรค์
►หนังสือทั่วไป:l:General Books
บนชั้น
7. วิทยาศาสตร์การแพทย์ และสุขภาพ
วิทยาศาสตร์การแพทย์ และสุขภาพ
WB176 อ153ก ฉ.6 
  Barcode: 26945
ห้องสมุดวิทยาเขตนครสวรรค์
►หนังสือทั่วไป:l:General Books
บนชั้น
8. วิทยาศาสตร์การแพทย์ และสุขภาพ
วิทยาศาสตร์การแพทย์ และสุขภาพ
WB176 อ153ก ฉ.7 
  Barcode: 26946
ห้องสมุดวิทยาเขตนครสวรรค์
►หนังสือทั่วไป:l:General Books
บนชั้น
9. วิทยาศาสตร์การแพทย์ และสุขภาพ
วิทยาศาสตร์การแพทย์ และสุขภาพ
WB176 อ153ก ฉ.8 
  Barcode: 26947
ห้องสมุดวิทยาเขตนครสวรรค์
►หนังสือทั่วไป:l:General Books
บนชั้น
10. วิทยาศาสตร์การแพทย์ และสุขภาพ
วิทยาศาสตร์การแพทย์ และสุขภาพ
WB176 อ153ก ฉ.9 
  Barcode: 26948
ห้องสมุดวิทยาเขตนครสวรรค์
►หนังสือทั่วไป:l:General Books
บนชั้น

รายการใกล้เคียง
    ผู้แต่ง [อนงค์ ภิบาล]

    หัวเรื่อง [pain]

BibComment


ยังไม่เคยถูกคอมเมนท์

คอมเมนท์ทรัพยากรรายการนี้
  คอมเมนท์: การจัดการความปวด..


 Copyright 2026. Bcnsprnw @Library